00688cam a22002297a 4500001001000000003000500010005001700015008004100032010001000073011001000083020001500093035001000108040000900118082001300127245010800140260004500248300001100293490005300304650002100357650002700378830005300405000087882CHAP20220329142510.0010703d1986 mx r 00110 spa d a84355 a85327 a9684271271 a95860 cCHAP04a972bP3210aVida y pensamiento de Narciso Bassols :bprólogo, selección y notas /c/por Fernando Paz Sánchez. aMéxico, D.F. :bNuestro Tiempo,c1986. a229 p. 0aColección : pensamiento político de méxico14aBassols, Narciso14aPolíticos mexicanos.00aColección : pensamiento político de méxico